Постановление ГКО СССР № 6194 о мероприятиях по обеспечению топливом электростанций Кировэнерго Наркомата электростанций во 2 по...

RUSMARC
00005790cbm0a2200337#x 450
001d753838f-92e2-494d-9a97-173eb9cd6e61
00520251120103850.0
100##$a20251120j19440714k###0rusy50 ca
1010#$arus
102##$aRU
105##$ay###z########
1220#$ad19440714##
2001#$aПостановление ГКО СССР № 6194 о мероприятиях по обеспечению топливом электростанций Кировэнерго Наркомата электростанций во 2 полугодии 1944 г., с приложением ведомости материалов и оборудования, графика ежемесячной поставки топлива, докладной записки Берии Л. П. Сталину И. В. и выписки из протокола № 24 заседания Оперативного бюро ГКО от 11 июля 1944 г.
$j14 июля 1944 г.
251##$cДокумент
300##$aРассылочный и подлинный экземпляры
461#0$12001
$aФ. 644
$1251
$cФонд
$1852
$j644
462#0$12001
$aОп. 1
$1251
$cОпись
$1852
$j1
60101$2nlr_sh
$3RU\NLR\AUTH\6601614128
$aСССР
$bГосударственный Комитет Обороны
$xИстория
$z1941 - 1945
$jДокументы и материалы
605##$2prlib_sh
$3LIBNET\UAF\0000088514
$aВторая мировая война в архивных документах (Комплекс оцифрованных архивных документов, кино- и фотоматериалов)
$lколлекция
605##$2acquisition_Prlib
$3DITM\AF\0000002775
$aВласть
$lколлекция
6061#$2nlr_sh
$3RU\NLR\AUTH\661323374
$aПромышленность
$xИстория
$yСССР
$z1941 - 1945
$jДокументы и материалы
6061#$2nlr_sh
$3RU\NLR\AUTH\661280795
$aВеликая Отечественная война
$z1941 - 1945
$xТыл(воен.)
$jДокументы и материалы
6061#$2nlr_sh1
$3RU\NLR\AUTH\661200039
$aЭлектрические станции
$xИстория
$yСССР
$jДокументы и материалы
6061#$2nlr_sh
$3RU\NLR\AUTH\661469366
$aЭлектрические станции
$xТопливо
$xИспользование
$jДокументы и материалы
686##$a63.3(2)622-2ю1
$vLBC/M
$2rubbk
686##$a65.03(2)622ю1
$vLBC/M
$2rubbk
801#0$aRU
$bПБ им. Б.Н. Ельцина
$c20251120
801#1$aRU
$bПБ им. Б.Н. Ельцина
$c20251120
$2rusmarc
801#2$aRU
$bПБ им. Б.Н. Ельцина
$c20251120
$2rusmarc
850##$aРоссийский государственный архив социально-политической истории
852##$aРГАСПИ
$jД. 279. Л. 60-67; Оп. 2. Д. 358. Л. 160-169
035##$aLIBNET\0001513856
937##$d198554307
$hФедеральное архивное агентство
8564#$uhttp://readingroom.main.prlib.ru/item.aspx?id_node=n198554307&mode=full
Формат отображения